000 00929nam a2200265Ia 4500
005 20220317000714.0
008 160601s2003 ck g 000 0 spa
020 _a9588160391
082 0 4 _aCO861.09
_bC61h
100 1 _aCobo Borda, Juan Gustavo
_d1948-
245 1 0 _aHistoria de la poesía colombiana Siglo XX.
_bDe José Asunción Silva a Raúl Gómez Jattin
_cJuan Gustavo Cobo Borda
250 _a3a. edición
300 _a587 páginas
_c21 cm
490 _aVillegas
504 _aIncluye bibliografía e índice
600 _aValencia, Guillermo
_953022
650 1 4 _2LEMB
_aLiteratura colombiana
_xHistoria y crítica
650 1 4 _2LEMB
_aPoesía colombiana
_xHistoria y crítica
942 _2ddc
_cBKLIT
264 _aBogotá
_bVillegas
_c2003
336 _atexto
_btxt
_2rdacontent
337 _asin mediación
_bn
_2rdamedia
338 _avolumen
_bnc
_2rdacarrier
040 _aCO-BoRNBP
_bspa
_erda
_cCO-BoRNBP
999 _c4830
_d4830